000 01243nam a22002897a 4500
005 2009061807047.0
008 090119t xxu||||| |||| 00| 0hin d
010 _aHIN-86984
020 _c300.00
_a8171451969
035 _aHN-59330
037 _bDBAD /PUB
040 _aDPL
_bHN
082 _a808.883
100 _aअग्रवाल, सरला
245 _aसुधियों के इन्द्रधनुष /
_cसरला अग्रवाल
246 _aSudhiyon ke indradanusha
_bby Sarla Aggarwal
260 _aदिल्ली
_bसन्मार्ग प्रकाशन
_c2008
270 _a16 यू.बी.,बैंग्लो रोड, जवाहरनगर
_bदिल्ली
_e110007
300 _a216 पृ.
_c22सेमी (सजिल्द)
600 _aअग्रवाल, सरला
600 _aAgarwal, Sarla
650 _aMemory
650 _aMemory
650 _aस्मृति
942 _2ddc
_cHN
_mअग्रवा
_h808.883
999 _c27611
_d27611